000
00315nam a2200121Ia 4500
008
220216s9999 xx 000 0 und d
100
_a
George C M
245
0
_a
Can India lead the way in rubber-based industrialisation ?
260
_b
Rubber Asia
_c
2004
300
_a
97-98
650
_a
Rubber market
942
_c
JS
999
_c
55058
_d
55058